Responses for Show #3511 - Monday, December 6, 1999

Contestants

[<< previous game]

Natalia Fuentes, a secretary from Gretna, Louisiana

Sam Raman, a telecom consultant from Boca Raton, Florida

Todd O'Bryan, a graduate student originally from Louisville, Kentucky (whose 1-day cash winnings total $12,001)

[next game >>]

Jeopardy! Round responses

STATE SONGS
TV ACTORS & ROLES
NOBLE NICKNAMES
(Alex: You have to give the nickname in common to the rulers.)
"HEAD" LINES
DENTISTRY
TIME FOR A CZECH UP
    $100 1
(Natalia: What is "My Old Virginia Home"?)

"My Old Kentucky Home" or "Old Folks At Home"

ToddNatalia
    $100 6
Little House on the Prairie

Todd
    $100 23
Ivan

Sam
    $100 11
Heads or tails?

Todd
    $100 16
Gums

Sam
    $100 18
Beers

Sam
    $500 2
"Georgia On My Mind"

Todd
    $200 7
Julia Louis-Dreyfus

Natalia
    $200 24
William

Sam
    $200 12
(Natalia: What is "head 'em up"?)

head 'em off

ToddNatalia
    $200 17
Egypt

Sam
    $200 19
Prague

Sam
    $300 3
"Yankee Doodle"

Todd
    $300 8
John Ritter

Todd
    $300 25
Peter

Todd
    $300 13
keeping your head above water

Todd
    $300 28
Fluoride

Natalia
    $300 20
Roman Catholic

Todd
    $400 4
Wisconsin

Todd
    $400 9
Mad About You

Sam
    $400 26
Henry

Todd
    $400 14
Headhunter

Sam
    $400 29
Crown/cap

Sam
    $400 21
(Todd: What is the Ottoman Empire?)
(Natalia: What is Prussia?)

Austria-Hungary

ToddSamNatalia
    $500 5
Tennessee

Sam
    $500 10
Diana Rigg

Natalia
    $500 27
Charles

Triple Stumper
    $500 15
Head and shoulders

Todd
    $500 30
Orthodontics

Natalia
    $500 22
(Natalia: What is the Danube?)

Elbe

Natalia
Triple Stumper

Scores at the first commercial break (after clue 13):

Todd Sam Natalia
$2,300 $900 $400

Scores at the end of the Jeopardy! Round:

Todd Sam Natalia
$3,400 $3,000 $300

Double Jeopardy! Round responses

BALLET
ARCHITECTURE
FAMILY FILMS
NOVEL VOCABULARY
UFO REVIEW
QUASI-RELATED PAIRS
    $200 19
A Streetcar Named Desire

Natalia
    $200 1
Thomas Jefferson

Todd
    $200 4
Big Daddy

Sam
    $200 14
Daniel Defoe

Natalia
    $200 9
Third kind

Todd
    $200 23
Gilbert & Sullivan

Todd
    $400 20
The Andrews Sisters

Sam
    $400 2
I.M. Pei

Todd
    $400 5
(Todd: What is The First Wives Club?)

Hannah and Her Sisters

ToddNatalia
    $400 15
Thomas Hardy

Sam
    $400 10
Jimmy Carter

Natalia
    $400 24
Penn & teller

Todd
    $600 28
Ludwig

Natalia
    $600 3
Walt Disney World

Sam
    $1,000 6
My Cousin Vinny

Natalia
    $600 16
Henry James

Natalia
    $600 11
Heaven's Gate

Todd
    $600 25
Jack & Jill

Todd
    $2,000 29
Sleeping Beauty

Natalia
    $800 12
Ziggurats

Natalia
    $800 7
Auntie Mame

Sam
    $800 17
Somerset Maugham

Triple Stumper
    $800 21
Erich von Daniken

Triple Stumper
    $800 26
(Todd: What is Most and Marie?)

Donny (Most) & Marie

ToddSam
    $1000 30
Sergei Diaghilev

Natalia
    $1000 13
Bauhaus

Todd
    $1000 8
I Remember Mama

Triple Stumper
    $1000 18
1984

Todd
    $1000 22
Project Blue Book

Sam
    $1000 27
Bonnie & Clyde

Sam

Scores at the end of the Double Jeopardy! Round:

Todd Sam Natalia
$6,800 $8,200 $7,500

[wagering suggestions for these scores]

Final Jeopardy! Round responses

HISTORIC WOMEN
ToddWho was Pocahontas?
$6,800
NataliaWho is Susan B. Anthony?
$7,150
SamWho is Susan B. Anthony?
$7,000
Sacajawea

Final scores:

Todd Sam Natalia
$0 $1,200 $350
3rd place: Skagen Denmark Watches New champion: $1,200 2nd place: Trip to Couples Resorts, Jamaica

Game dynamics:

Coryat scores:

Todd Sam Natalia
$6,500 $8,200 $5,900
22 R
(including 1 DD),
3 W
19 R,
0 W
14 R
(including 2 DDs),
4 W

Combined Coryat: $20,600

[game clues] [game scores] [suggest correction]

Game tape date: 1999-09-14
The J! Archive is created by fans, for fans. Scraping, republication, monetization, and malicious use prohibited; this site may use cookies and collect identifying information. See terms. The Jeopardy! game show and all elements thereof, including but not limited to copyright and trademark thereto, are the property of Jeopardy Productions, Inc. and are protected under law. This website is not affiliated with, sponsored by, or operated by Jeopardy Productions, Inc. Join the discussion at JBoard.tv.